000 00694nam a2200289Ia 4500
005 20260324145655.0
008 008 260324s9999 xx 000 0 eng d
020 _a9781003328490
037 _aEBOOK
040 _aCRL
040 _beng
040 _cCRL
041 _2eng
041 _aeng
084 _qCRL
100 _aPeter Gourevitch
_91223787
245 0 _aParis and the Provinces
245 4 _bThe Politics of Local Government Reform in France
260 _bTaylor and Francis
260 _c1980
365 _a
365 _b145
856 _uhttp://www.taylorfrancis.com/books/9781003328490
942 _cEBOOK
999 _c1832031
_d1832031